000
00216 a2200097 4500
001
78819
090
_c
39450
_d
39450
100
_a
Abbot, M M
245
_a
The New Dynanies the as poor schedule in size
260
_b
Mc Graw Hill
942
_a
NUST-CAE
999
_c
313892
_d
313892